ASOIAF: My Greatest Supporters Quiz Stats

 Plays Quiz not verified by Sporcle

Challenge
Share
Tweet
Embed
Score 0/90 Timer 15:00
2 Plays Today
Hint Answer % Correct
King Joffrey BaratheonCersei Lannister
98.7%
King Tommen BaratheonCersei Lannister
98.7%
King Joffrey BaratheonJaime Lannister
97.4%
King Robb StarkGreatjon Umber
97.4%
King Tommen BaratheonJaime Lannister
97.4%
King Robb StarkTheon Greyjoy
96.8%
King Balon GreyjoyTheon Greyjoy
96.8%
King Aegon VI TargaryenJon Connington
96.6%
King Stannis BaratheonDavos Seaworth
96.4%
King Joffrey BaratheonTywin Lannister
96.3%
King Tommen BaratheonTywin Lannister
96.2%
King Joffrey BaratheonLoras Tyrell
96.1%
King Renly BaratheonLoras Tyrell
96.1%
King Joffrey BaratheonTyrion Lannister
95.9%
Queen Daenerys TargaryenJorah Mormont
95.6%
King Tommen BaratheonLoras Tyrell
95.6%
King Balon GreyjoyAsha Greyjoy
95.2%
King Joffrey BaratheonMargaery Tyrell
94.7%
King Renly BaratheonMargaery Tyrell
94.7%
King Tommen BaratheonMargaery Tyrell
94.1%
King Robb StarkCatelyn Tully
92.9%
King Stannis BaratheonMelisandre
92.7%
Queen Daenerys TargaryenBarristan Selmy
91.7%
King Renly BaratheonMace Tyrell
91.5%
Mance RayderTormund Giantsbane
91.4%
King Aegon VI TargaryenVarys
90.5%
King Balon GreyjoyVictarion Greyjoy
89.5%
King Renly BaratheonBrienne of Tarth
88.9%
King Stannis BaratheonSelyse Florent
86.8%
Mance RayderYgritte
86.7%
Hint Answer % Correct
King Tommen BaratheonRoose Bolton
83.7%
King Robb StarkRoose Bolton
83.6%
King Balon GreyjoyAeron Greyjoy
83.1%
King Joffrey BaratheonSandor Clegane
81.7%
Mance RayderVal
77.7%
King Joffrey BaratheonGregor Clegane
77.5%
King Tommen BaratheonGregor Clegane
77.5%
Queen Daenerys TargaryenMissandei
77.3%
Queen Daenerys TargaryenDaario Naharis
77%
King Robb StarkWalder Frey
76.9%
King Robb StarkEdmure Tully
76.1%
King Robb StarkRodrik Cassel
75.5%
King Balon GreyjoyRodrik Harlaw
75.5%
Queen Daenerys TargaryenHizdahr zo Loraq
75.1%
Queen Daenerys TargaryenIrri
74.6%
King Renly BaratheonOlenna Redwyne
74.2%
King Tommen BaratheonGrand Maester Pycelle
72.9%
King Joffrey BaratheonGrand Maester Pycelle
72.6%
King Robb StarkBrynden Tully
72%
King Tommen BaratheonKevan Lannister
71.9%
King Joffrey BaratheonKevan Lannister
71.8%
King Stannis BaratheonAxell Florent
71.8%
King Robb StarkRickard Karstark
70.8%
Mance RayderDalla
70.1%
Queen Daenerys TargaryenJhiqui
68.7%
King Tommen BaratheonRamsay Bolton
68.1%
King Aegon VI TargaryenIllyrio Mopatis
68%
Mance RayderRattleshirt
66.2%
Mance RayderVaramyr Sixskins
62.6%
King Stannis BaratheonAlester Florent
62.3%
Hint Answer % Correct
Queen Daenerys TargaryenStrong Belwas
60%
King Renly BaratheonRandyll Tarly
59%
Queen Daenerys TargaryenSkahaz mo Kandaq
58.2%
King Aegon VI TargaryenSepta Lemore
57.8%
King Robb StarkWyman Manderly
57.1%
King Aegon VI TargaryenRolly Duckfield
56.9%
King Balon GreyjoyDagmer Cleftjaw
56.5%
Queen Daenerys TargaryenReznak mo Reznak
55.1%
Mance RayderStyr, Magnar of Thenn
54%
King Aegon VI TargaryenHaldon Halfmaester
53%
King Renly BaratheonGarlan Tyrell
52.5%
King Balon GreyjoyTristifer Botley
50.6%
King Stannis BaratheonSalladhor Saan
48.5%
King Renly BaratheonWillas Tyrell
47.3%
King Renly BaratheonPaxter Redwyne
46.8%
King Stannis BaratheonMaester Cressen
46.2%
Mance RayderHarma Dogshead
45.2%
King Balon GreyjoyQarl the Maid
44.3%
Mance RayderJarl
42.2%
King Stannis BaratheonDevan Seaworth
41.5%
King Aegon VI TargaryenHarry Strickland
40.7%
King Stannis BaratheonJustin Massey
34.9%
King Balon GreyjoyWex Pyke
28.9%
King Balon GreyjoyNute the Barber
26.9%
King Renly BaratheonMathis Rowan
21.9%
King Stannis BaratheonGodry Farring
16.2%
Mance RayderHolly
14.3%
King Aegon VI TargaryenFranklyn Flowers
11.1%
King Aegon VI TargaryenBlack Balaq
9.2%
King Aegon VI TargaryenLysono Maar
8.5%

You're not logged in!

Compare scores with friends on all Sporcle quizzes.
OR
Log In

You Might Also Like...

Show Comments

Extras

Top Quizzes Today


Score Distribution

Your Account Isn't Verified!

In order to create a playlist on Sporcle, you need to verify the email address you used during registration. Go to your Sporcle Settings to finish the process.

Report this User

Report this user for behavior that violates our Community Guidelines.

Details: